000 00310nam a2200133Ia 4500
008 191201s2011 xx 000 0 und d
100 _aMORRISMANO, M
245 0 _aDigital Logic and Computer Design
250 _aImp
260 _c2011
_bPearson
_aN. delhi
300 _a612
650 _aMCA
942 _2ddc
_cBB
999 _c7453
_d7453